Alice in wonderland - Alice au pays des merveilles : a French to English bilingual book with French to English dictionary /
Alice falls into a rabbit hole and a strange universe where nothing is as it seems. This dual language story is made specifically for language learners and is aligned with the original English version of the story side-by-side with the official French translation by Henri Bué. It includes two dictio...
| Yazar: | |
|---|---|
| Müşterek Yazar: | |
| Diğer Yazarlar: | |
| Materyal Türü: | Bilinmiyor |
| Dil: | English French |
| Baskı/Yayın Bilgisi: |
Houston, TX :
MostUsedWords,
c2019.
|
| Edisyon: | Third edition. |
| Konular: |
| LEADER | 02481 a2200361 4500 | ||
|---|---|---|---|
| 001 | 43980 | ||
| 003 | BD-DhAAL | ||
| 005 | 20250508164938.0 | ||
| 008 | 250120t2019 enk||||| d||| 00| 0 eng d | ||
| 020 | |a 9789492637321 | ||
| 040 | |a BD-DhAAL |d BD-DhAAL | ||
| 041 | |a eng |a fre | ||
| 082 | |a 443.21 | ||
| 100 | |a Carroll, Lewis. |9 16153 | ||
| 245 | |a Alice in wonderland - Alice au pays des merveilles : |b a French to English bilingual book with French to English dictionary / |c Lewis Carroll. translation by Henri Bué. | ||
| 250 | |a Third edition. | ||
| 260 | |a Houston, TX : |b MostUsedWords, |c c2019. | ||
| 300 | |a 132 pages : |c 25 cm | ||
| 500 | |a English and French on facing pages Alice in wonderland =Alice au pays des merveilles : a French to English bilingual book with French to English dictionary /originally written by Lewis Carroll ; translation by Henri Bué ; edited by MostUsedWords ; dictionary by MostUsedWords. | ||
| 520 | |a Alice falls into a rabbit hole and a strange universe where nothing is as it seems. This dual language story is made specifically for language learners and is aligned with the original English version of the story side-by-side with the official French translation by Henri Bué. It includes two dictionaries to aid with learning French: a frequency dictionary and an alphabetical dictionary | ||
| 526 | |a BIL |x Dr. Tanjena Sultana Khan, Lecturer, BRAC Institute of Languages (BIL) Course Name : Basic French (FRN 101) | ||
| 541 | |a R.K. Corporation |e 43980, 43981 | ||
| 650 | |a French language |x Dictionaries |x English. |9 57538 | ||
| 650 | |a Alice (Fictitious character from Carroll) |v Juvenile fiction. |9 57539 | ||
| 650 | |a French language |x Study and teaching |x Bilingual method. |9 57540 | ||
| 650 | |a French language |v Dictionaries, Juvenile |x English. |9 57518 | ||
| 700 | |a Bué, Henri. |9 57541 | ||
| 710 | |a MostUsedWords |9 57544 | ||
| 852 | |a Ayesha Abed Library | ||
| 942 | |2 ddc |c BK | ||
| 999 | |c 47209 |d 47209 | ||
| 952 | |0 0 |1 0 |2 ddc |4 0 |6 443_210000000000000_CAR |7 0 |9 77199 |a BIL |b BIL |d 2025-01-13 |e R K Corporation |g 5250.00 |l 0 |o 443.21 CAR |p 3010043980 |r 2025-01-13 |t 1 |v 5250.00 |w 2025-01-13 |y BK |x Requisitioned by Dr. Tanjena Sultana Khan for the course named- "Basic French (FRN 101)". | ||
| 952 | |0 0 |1 0 |2 ddc |4 0 |6 443_210000000000000_CAR |7 0 |9 77200 |a BIL |b BIL |d 2025-01-13 |e R K Corporation |g 5250.00 |l 0 |o 443.21 CAR |p 3010043981 |r 2025-01-13 |t 2 |v 5250.00 |w 2025-01-13 |y BK |x Requisitioned by Dr. Tanjena Sultana Khan for the course named- "Basic French (FRN 101)". | ||